| 000 | 00781nam a22001937a 4500 | ||
|---|---|---|---|
| 999 |
_c196463 _d196463 |
||
| 005 | 20230627150307.0 | ||
| 010 | _aB-751152-171 CHHN 25.5.23 | ||
| 020 |
_a9780143331513 _c225.00 |
||
| 035 | _aB-751152-171 | ||
| 037 | _bPansy Books | ||
| 082 | _a342.54 | ||
| 100 | _aSeth, Leila | ||
| 245 |
_aWe, The Children of India: _bthe preamble to our constitution/ _cLeila Seth |
||
| 260 |
_aHaryana _bPenguin Random House India _c2010 |
||
| 270 |
_a4th Floor, Capital Tower1, MG Road Gurugram _bHaryana _e122002 |
||
| 300 |
_a40p. _c23cm.(hb) |
||
| 942 |
_2ddc _cCH _mSET _h342.54 |
||